| 000 | 00632nam a22002057a 4500 | ||
|---|---|---|---|
| 999 |
_c13076 _d13076 |
||
| 003 | AR-CdUCM | ||
| 008 | 190411b ||||| |||| 00| 0 spa d | ||
| 040 |
_aMUNICIPALIDAD PROVINCIAL DEL CUSCO _cBIBLIOTECA MUNICIPAL DEL CUSCO |
||
| 082 |
_a985.613 / _bM26 / 1985 |
||
| 100 |
_aFrancisco Martinez Diaz _931272 |
||
| 245 | _aOropesa en la historia : | ||
| 260 |
_aCusco : _c1985. |
||
| 300 |
_a40 páginas ; _c31 cm. |
||
| 505 | _aContenido: Distrito de Oropesa. | ||
| 650 |
_aOropesa _915372 |
||
| 650 |
_aHistoria del Cusco _91714 |
||
| 650 |
_aTemplos de Oropesa _931273 |
||
| 942 |
_2ddc _cLIBROS |
||
| 945 |
_adavv _d11/04/2019 |
||